Paesi nominati nella pagina Wikipedia della Grecia - Statistics

Statistiche generali
  • Questo quiz è stato fatto 60 volte
  • Il punteggio medio è 27 su 35
Statistiche sulle risposte
Volte in cui viene nominato Indizio (basato sul motivo per cui lo stato è nominato nella pagina Wikipedia) Paese % Corretto
4 Paese confinante Macedonia del Nord
100%
5 Paese confinante Albania
98%
3 Paese che invase la Grecia nel 1941 Germania
98%
8 Paese che invase la Grecia nel 1940 Italia
98%
6 Paese che sostenne il golpe che portò alla dittatura dei Colonnelli in Grecia Stati Uniti
98%
10 Paese confinante Turchia
98%
6 Paese, abitato principalmente da greci, che tentò di unirsi alla Grecia negli anni '70 Cipro
93%
4 Paese che sostenne l'indipendenza greca dagli ottomani Francia
93%
1 Paese conquistato da Alessandro Magno Iran
93%
2 Paese fino ai cui confini si spinse Alessandro Magno India
91%
8 Paese che sostenne l'indipendenza greca dagli ottomani Regno Unito
91%
4 Paese confinante Bulgaria
89%
1 Paese che ha recentemente investito capitali in Grecia Cina
89%
4 Paese conquistato da Alessandro Magno Egitto
89%
2 Paese d'origine di immigrati residenti in Grecia Romania
87%
4 Paese che sostenne l'indipendenza greca dagli ottomani Russia
87%
1 Paese nel quale la Grecia ha numerosi investimenti Serbia
87%
2 Molti ebrei espulsi da questo paese nel '500 trovarono rifugio in Grecia Spagna
83%
1 Fu meta di emigrazione greca Canada
80%
2 Tra 1950 e 1973, la crescita economica della Grecia fu seconda solo a quella di questo paese Giappone
80%
1 Paese d'origine di immigrati residenti in Grecia Iraq
78%
2 Fu meta di emigrazione greca Australia
76%
1 Paese d'origine di immigrati residenti in Grecia Polonia
74%
1 Paese d'origine di immigrati residenti in Grecia Ucraina
65%
3 Paese d'origine di immigrati residenti in Grecia Georgia
63%
1 La crescita della ricerca, in Grecia, è la terza in Europa, seconda è quella di questo paese Irlanda
63%
1 Paese d'origine di immigrati residenti in Grecia Armenia
61%
1 La crescita della ricerca, in Grecia, è la terza in Europa, prima è quella di questo paese Finlandia
59%
4 Paese d'origine di immigrati residenti in Grecia Pakistan
57%
1 Paese d'origine di immigrati residenti in Grecia Afghanistan
52%
1 Nell'area OCSE, la forza lavoro greca è la più attiva dopo quella di questo paese Corea del Sud
52%
1 Paese d'origine di immigrati residenti in Grecia Cechia
50%
2 Paese d'origine di immigrati residenti in Grecia Bangladesh
33%
1 Paese che ha recentemente investito capitali in Grecia Qatar
26%
1 Paese d'origine di immigrati residenti in Grecia Filippine
24%
Nessun quiz corrispondente trovato
Distribuzione punteggi
Percentuale di utenti per punteggio
Percentile per numero di risposta
I tuoi punteggi nel tempo
Non hai fatto questo quiz